Giáo trình logic học biện chứng

সংরক্ষণ করুন:
গ্রন্থ-পঞ্জীর বিবরন
প্রধান লেখক: Võ, Văn Thắng
বিন্যাস: গ্রন্থ
ভাষা:Undetermined
প্রকাশিত: Hà NỘi Chính trị quốc gia 2014
বিষয়গুলি:
ট্যাগগুলো: ট্যাগ যুক্ত করুন
কোনো ট্যাগ নেই, প্রথমজন হিসাবে ট্যাগ করুন!
Thư viện lưu trữ: Trung tâm Học liệu Trường Đại học Cần Thơ
LEADER 00534nam a2200181Ia 4500
001 CTU_194370
008 210402s9999 xx 000 0 und d
020 |c 47000 
082 |a 160 
082 |b Th116 
100 |a Võ, Văn Thắng 
245 0 |a Giáo trình logic học biện chứng 
245 0 |c Võ Văn Thắng 
260 |a Hà NỘi 
260 |b Chính trị quốc gia 
260 |c 2014 
650 |a Logic học biện chứng,Logical 
980 |a Trung tâm Học liệu Trường Đại học Cần Thơ